00700nam a2200205 i 4500001000700000003000900007005001700016007000300033008004100036100005400077245006300131260003400194300002200228490001700250650002900267830002500296852003200321999001900353952012200372141139ES-MaACL20250806063132.0t|070919s1965 sp ||||1| spa d1 aRodríguez de Yurre, Gregorio,d1913-198999848010aSocialismo democrático europeo / cGregorio R. de Yurre. aBilbao : bEd. Ethos, c1965. a105 p. ; c19 cm.1 aAntena ; v2 7aDemocracia2embne9115740 aAntena ; v29220384 aES-MaACLjC-27229 bR.56389 c141139d141139 00104070aATENEOMbATENEOMcDEPO2d2008-01-17eSCl0oC-27229p1146860r2023-02-23 00:00:00w2023-02-23yMONOGRAFIA